000 00752nam a2200229Ia 4500
005 20250507130341.0
008 008 250505s9999 xx 000 0 eng d
020 _a9780231072601
037 _aAnnuals, Advances
040 _aEASL
_beng
_cEASL
041 _aeng
_2eng
084 _aQ457:2, N0
_qEASL
100 _aYamposlsky Philip B. Ed.
_9755245
245 0 _aSelected writings of Nichiren
260 _aUSA
_bNew York Columbia University Press
_c1990
300 _axi,508p.
365 _a¥
_b13940
650 _aNichiren sect - doctrines - Early; Nichiren - Sect - Doctrines - Early works to; JEL
_9755246
700 _aWatson Burton Etal Tr.
_9665178
942 _cTEXL
_hQ457:2, N0
999 _c1319158
_d1319158